| 000 | 005220000a22001090004500 | ||
|---|---|---|---|
| 100 | 1 | _aÁlvarez Verdes, Lorenzo | |
| 245 | 1 | 0 | _aEl Carismatismo en Pablo: Aproximación Sociológico-Teológica |
| 300 | _avol. 57, núm 1 (1999), Páginas 23-38 | ||
| 520 | _aEl carismatismo en Pablo comporta dos niveles: sociológico y Teológico. El presente estudio muestra que ambos niveles -en particular por lo que se refiere a la comprensión paulina del apostolado- son complementarios. | ||
| 773 | 0 | _tEstudios Bíblicos | |
| 942 | _cANA | ||
| 999 |
_c50275 _d50275 |
||